00353nam a2200109Ia 4500008004100000082001500041100001900056245003200075260003300107630001800140650008500158211122s9999||||xx |||||||||||||| ||und|| a938bVAR-A aVarghese, Saji 0aAthens Muthal Haridwar Vare bMathrubhumi BooksaKozhikode xGeneral Stack aHISTORY AND GEOGRAPHYvHISTORY OF ANCIENT WORLD TO CA. 499GREECE TO 323Malayalam